000 00299nam a22001337a 4500
008 170213b xxu||||| |||| 00| 0 eng d
020 _a978007337394
041 _aeng
080 _a61
100 _a4
101 _aSHM
245 _aTHE COMPLETE DIAGNOSIS CODING BOOK
_cSAFIAN .C
942 _2udc
_cBK
999 _c5269
_d5269